Historien.ne.s CAPES - Statistiques

Statistiques générales
  • Ce quiz a été pris 37 fois
    32 depuis la dernière actualisation
  • Le résultat moyen est 6 sur 28
Statistiques - réponses
Hint Réponse % Correct
Réforme comme fait social total + "vocation théocratique" + "crise de l’amitié" Florian Mazel
62%
"Système du don/contre-don" Marcel Mauss
54%
"Système d’acceptation" Egon Flaig
46%
"Inecclesiamento" + "pacte seigneurial" Michel Lauwers
46%
"Révolution de la charité" + "religion volontaire" André Vauchez
38%
"Gouvernement par correspondance" Fergus Millar
38%
"Situation coloniale" Georges Balandier
38%
3 aspects de la romanisation (culture, politique, citoyenneté) Hervé Inglebert
31%
"Inurbamento monastique" Cécile Caby
23%
Expression "réforme grégorienne" Charles Giraud
23%
Rôle des femmes + contestations primaires/secondaires Catherine Coquery-Vidrovitch
15%
Définition de "empire" + "politique de la différence" Frederick Cooper/Jane Burbank
15%
"Révolution scolaire" Jacques Verger
15%
Héros et construction des discours nationaux Jean-François Klein
15%
"Domestication de l’empire" Ann Laura Stoler
8%
"Diplomatie intérieure" Anthony Hopstein
8%
Importance des cités sous le Bas-Empire Claude Lepelley
8%
Cohésion de l’empire + loyauté des provinces (bureaucratie, culte impérial, communication) Clifford Ando
8%
Seconde guerre mondiale = "crépuscule de l’homme blanc" Elikia Mbokolo
8%
Chevaliers/notables provinciaux dans le système d’acceptation + succession comme "faiblesse congénitale du régime" Frédéric Hurlet
8%
Réforme = révolution articulée autour de la libertas ecclesiae Gerd Tellenbach
8%
Pas de partage de l’Afrique à la conférence de Berlin Henri Wesseling
8%
Croisades = "domestication de la violence seigneuriale" Jean Flori
8%
"Division raciale du travail" Laurent Dornel
8%
"Impérialisation de la papauté" Nicolangelo D’Acunto
8%
Pas de rupture en 410 ou 476 Peter Brown
8%
"Culture coloniale" Sandrine Lemaire
8%
"Juridisation de l’Église" Yves Congar
8%
Aucun quiz correspondant
Distribution des résultats
% des personnes avec chaque résultat
Percentile par nombre de réponses
Votre historique - résultats
Vous n’avez pas pris ce quiz depuis la dernière actualisation